[Event "Andalucia-ch U14"]
[Site "Huelva"]
[Date "2014.04.25"]
[Round "4.2"]
[White "Orantes Taboada, Francisco"]
[Black "Jimenez Lozano, Francisco Javier"]
[Result "1-0"]
[WhiteElo "1870"]
[BlackElo "1684"]
[PlyCount "49"]
[EventDate "2014.04.25"]
[EventType "swiss"]
[EventRounds "9"]
[EventCountry "ESP"]
[SourceTitle "EXT 2024"]
[Source "ChessBase"]
[SourceDate "2023.10.10"]
[SourceVersion "1"]
[SourceVersionDate "2023.10.10"]
[SourceQuality "1"]

1. e4 d5 2. exd5 Nf6 3. d4 Nxd5 4. c4 Nf6 5. Nc3 c5 6. dxc5 Qxd1+ 7. Nxd1 Nc6 8. Nf3 e5 9. Be2 Bxc5 10. 0-0 Bg4 11. Be3 Nd4 12. Nxd4 exd4 13. Bxg4 Nxg4 14. Bf4 0-0 15. b3 Rad8 16. h3 Nf6 17. Nb2 Be7 18. Rad1 Ne8 19. Rfe1 Bf6 20. Be5 Rd7 21. Nd3 b6 22. Kf1 Nc7 23. Bxf6 gxf6 24. Re4 Ne6 25. Nb4 1-0

[Event "Granada Region-ch"]
[Site "Granada"]
[Date "2013.??.??"]
[Round "5.5"]
[White "Reyes Vargas, Jose Antonio"]
[Black "Jimenez Lozano, Francisco Javier"]
[Result "0-1"]
[WhiteElo "1344"]
[BlackElo "1705"]
[PlyCount "150"]
[EventDate "2013.01.20"]
[EventType "swiss"]
[EventRounds "6"]
[EventCountry "ESP"]
[SourceTitle "EXT 2024"]
[Source "ChessBase"]
[SourceDate "2023.10.10"]
[SourceVersion "1"]
[SourceVersionDate "2023.10.10"]
[SourceQuality "1"]

1. e4 e5 2. Nf3 Nc6 3. Bb5 a6 4. Bxc6 dxc6 5. Nxe5 Qd4 6. Ng4 Qxe4+ 7. Ne3 Nf6 8. d3 Qg6 9. h3 Bd6 10. Nc3 Be6 11. Qf3 0-0-0 12. Bd2 Rhe8 13. 0-0-0 Be5 14. Rhg1 Bxc3 15. Bxc3 Nd5 16. Bd2 Nxe3 17. fxe3 Bxa2 18. Rdf1 Kb8 19. Qf5 Qxf5 20. Rxf5 Be6 21. Rf4 Rd5 22. e4 Rc5 23. Bc3 Rg5 24. h4 Rg6 25. g4 h5 26. g5 f6 27. Kd2 Bc8 28. b3 fxg5 29. hxg5 Bg4 30. Rf7 Rg8 31. Be5 Rxg5 32. Bf4 Be6 33. Rxg5 Bxf7 34. Bg3 g6 35. Ke3 Kc8 36. c4 Kd7 37. Kd4 Rh8 38. Bh4 Re8 39. b4 Re6 40. b5 cxb5 41. cxb5 axb5 42. Rxb5 Rd6+ 43. Ke3 b6 44. Rb2 c5 45. Rf2 Ke8 46. Rb2 Be6 47. Bg3 Rc6 48. Bh4 c4 49. dxc4 Bxc4 50. Rc2 b5 51. Kd4 Rd6+ 52. Ke5 Re6+ 53. Kd4 Kd7 54. Rf2 Rd6+ 55. Kc5 Rc6+ 56. Kd4 b4 57. Rb2 b3 58. Kc3 Be6+ 59. Kd3 Kd6 60. Bf6 Bc4+ 61. Kd4 Ke6 62. e5 Bd5 63. Kd3 Kf5 64. Rf2+ Kg4 65. Kd4 Bf3 66. Rb2 Bd1 67. Kd5 Rc2 68. Rb1 Bf3+ 69. Kd4 b2 70. Kd3 Re2 71. Rg1+ Kh3 72. Rb1 Be4+ 73. Kxe2 Bxb1 74. e6 Bd3+ 75. Kxd3 b1Q+ 0-1

[Event "Benidorm New Generation U12 08th"]
[Site "Benidorm"]
[Date "2012.12.06"]
[Round "2.7"]
[White "Jimenez Lozano, Francisco Javier"]
[Black "Toquero Gracia, Pau"]
[Result "1-0"]
[WhiteElo "1642"]
[BlackElo "1499"]
[PlyCount "65"]
[EventDate "2012.12.05"]
[EventType "swiss"]
[EventRounds "7"]
[EventCountry "ESP"]
[SourceTitle "EXT 2024"]
[Source "ChessBase"]
[SourceDate "2023.10.10"]
[SourceVersion "1"]
[SourceVersionDate "2023.10.10"]
[SourceQuality "1"]

1. e4 c5 2. Nf3 Nc6 3. d4 cxd4 4. Nxd4 g6 5. Nc3 Bg7 6. Be3 Nf6 7. f3 Qb6 8. Nf5 Qxb2 9. Nxg7+ Kf8 10. Na4 Qa3 11. c3 Kxg7 12. Bc5 Qxc5 13. Nxc5 Re8 14. Bb5 b6 15. Na6 Bxa6 16. Bxa6 Rab8 17. 0-0 e5 18. Bb5 Na5 19. Qa4 Red8 20. Rad1 Rb7 21. Rd3 h6 22. Rfd1 Rc7 23. c4 h5 24. h3 g5 25. g4 h4 26. Qb4 Rc5 27. Bxd7 Nxd7 28. Rxd7 Rxd7 29. Rxd7 Nc6 30. Qd2 Rxc4 31. Qxg5+ Kf8 32. Qh6+ Kg8 33. Rc7 1-0